header

A-Z of the environment (Record no. 27685)

MARC details
000 -LEADER
fixed length control field 01217nam a22003134a 4500
100 1# - MAIN ENTRY--AUTHOR NAME
Personal name Stranks, Jeremy W.
245 10 - TITLE STATEMENT
Title A-Z of the environment
260 ## - PUBLICATION, DISTRIBUTION, ETC. (IMPRINT)
Place of publication London :
Name of publisher Thorogood Pub.,
Year of publication c2008.
300 ## - PHYSICAL DESCRIPTION
Number of Pages xxiii, 480 p.
650 #0 - SUBJECT ADDED ENTRY--TOPICAL TERM
Topical Term Environmental policy
856 40 - ELECTRONIC LOCATION AND ACCESS
Uniform Resource Identifier http://site.ebrary.com/lib/rucke/Doc?id=10263863

No items available.

© 2026 Rongo University
Contact us: librarian | system librarian | Rongo university